00557nam a22001817a 450000500170000001000150001702000260003203500140005803700130007208200150008510000220010024500300012225000100015226000410016227001220020330000220032571000280034720240108110532.0 aENG-138822 c200.00a9789354093753 aEN-122354 bDBAD/PUB a9202FIFTH aMOOKERJEE,K.GIRJA aBUILDERS OF MODERN INDIA/ aFIFTH a Delhib Publications divisionc2022 bDelhiaministry of information and broadcasting, government of india soochna bhawan, CGO complex, lodhi road e110003 a146p.c22 cm(pbk) aRoma ChatterjeeeEditor